000 00988nam a22002177a 4500
999 _c22679
_d22679
003 AR-CdUCM
008 190223b ||||| |||| 00| 0 spa d
040 _aMUNICIPALIDAD PROVINCIAL DEL CUSCO
_cBIBLIOTECA MUNICIPAL DEL CUSCO
082 _a985.019/V21L
_bV21L
100 _aValenzuela Lovón, Armando
_91192
245 _aLito biblioteca de los inkas :
_benfoque de la Arqueología científica de los inkas /
_cArmando Valenzuela Lovón.
260 _aCusco :
_bJL Editores,
_c2021.
300 _a115 páginas. :
_bilustraciones ;
_c21 cm.
505 _aContenido: El hombre andino en la Ciencia Quechua. -- Cuerpo humano y Quechua. -- Clave gramatical Quechua. -- Aspectos filosóficos y escritura Inka. -- Lito biblioteca andina en gráficos. -- Ollantaytambo Filosófico. -- Arque Astronomía en Machupicchu. ...
650 _aHistoria del Cusco
_91714
650 _aInkas
_91899
650 _aIncas
_9303
650 _aCultura andina
_948861
942 _2ddc
_cLIBROS
945 _arac